UK General Election 2010 - Statistics

General Stats
  • This quiz has been taken 33 times
  • The average score is 11 of 15
Answer Stats
Number of Seats Number of Votes Political Party % Correct
258 8,606,517 Labour
100%
57 6,836,248 Liberal Democrat
100%
306 10,703,654 Conservative
97%
1 265,243 Green Party
97%
6 491,386 Scottish National Party
97%
0 919,471 UK Independence Party
90%
5 171,942 Sinn Fein
87%
8 168,216 Democratic Unionist Party
83%
3 165,394 Plaid Cymru
80%
0 564,321 British National Party
67%
1 42,762 Alliance Party
60%
0 102,361 Ulster Conservatives and Unionists
60%
3 110,970 Social Democratic & Labour Party
57%
0 33,251 Respect
33%
0 64,826 English Democrat
17%
No matching quizzes found
Score Distribution
Percent of People with Each Score
Percentile by Number Answered
Your Score History
You have not taken this quiz